| 000 | 00759nam a2200217Ia 4500 | ||
|---|---|---|---|
| 003 | GCL | ||
| 008 | 140319s9999 xx 000 0 ara d | ||
| 020 | _a0965235977 | ||
| 040 |
_aGCL / _cGCL |
||
| 082 | 0 | 4 |
_a306 _bج ت |
| 100 | 1 | _aجابر عصفور | |
| 245 | 1 | 0 |
_aالتنوع البشرى الخلاق : _bتقرير اللجنة العالمية للثقافة والتنمية (الطبعة العربية) / _cجابر عصفور |
| 260 |
_aالقاهرة : _bالمجلس الاعلى للثقافة ، _c1997 |
||
| 300 |
_a342 ص ؛ _c24 سم |
||
| 490 |
_aالمشروع القومى للترجمة _v27 |
||
| 650 | 0 | 4 | _aالاطفال |
| 650 | 0 | 4 | _aالثقافة |
| 650 | 0 | 4 | _aالشباب |
| 650 | 0 | 4 | _aالابداع |
| 942 |
_2ddc _cBK |
||
| 999 |
_c29616 _d29616 |
||